Statystyki dla Rozpoznaj nalepszych piłkarzy po opisie

Kliknij tutaj aby rozwiązać quiz!

Ogólne statystyki

  • Ten quiz został rozwiązany 229 razy
  • Średni wynik to 5 z 9

Statystyki odpowiedzi

opis piłkarzapiłkarz% Poprawnych
Razem z reprezentacją Brazyli zdobył 3 razy puchar świataPele
92%
Na mundialu w Meksyku 1986 w meczu ćwierćfinałowym z Anglią wykonał słynną ręke bogaDiego Maradona
86%
4 razy w barwach Bayrnu Munchen zdobył mistrostwo RFN, był królem strzelców Mistrzostw świata w meksykuGerd Muller
67%
Francuski pomocnik pochodzenia algierskiego z reprezentacją Francji zdobył mistrzostwo świata w 1998 i mistrzostwo europy 2000Zinedine Zidane
66%
Razem z reprezentacją Hiszpani zdobył mistrzostwa świata w 2010 i mistrzostwa Europy w 2008 i 2012Andres Iniesta
57%
Bramkarz ze Związku Radzieckiego.Razem z drużyną ZSRR zdobył mistrzostwo Europy w 1960 i wicemistrostwo Europy w 1964Lew Jaszyn
50%
Włoski napastnik który w 1994 roku razem z reprezentacją Włoch zdobył wicemistrzostwo świataRoberto Baggio
46%
Razem z reprezentacją Węgier zdobył złotyt medal na igrzyskach olimpijskich w 1952 rokuFerenc Puszkasz
7%
Razem z reprezentacją Holandii zdobył wicemistrzostwo świata.3 razy nagradzany złotą piłkąJohann Cruijff
2%

Rozkład punktacji

Percentyl według liczby udzielonych odpowiedzi

Procent ludzi z każdym wynikiem

Twoja historia wyników

Nie rozwiązałeś tego quizu